000 00398 a2200169 4500
001 175204
020 _a85-16-02345-1
040 _cMagnum
100 _aSoares, Paulo Antônio de Toledo
240 1 0 _aOs fundamentos da física 3
_lpor
245 1 0 _aOs fundamentos da física 3
300 _a482
362 0 _a2001
440 1 _aModerna
697 _aELETRICIDADE E ELETRÔNICA
942 _cBK
999 _c175204
_d175204